Not a Sitcom Quiz Stats

 Plays Quiz not verified by Sporcle

Challenge
Share
Tweet
Embed
Score 0/15 Timer 05:00
0 Plays Today
Question Answer Wrong Answers
Family The Waltons
96.5%
Modern Family
1.8%
Roseanne
0.9%
The Cosby Show
0.9%
Miscellaneous Gunsmoke
89.5%
Get Smart
0.9%
Seinfeld
0%
The Big Bang Theory
2.6%
Alien, sci-fi, supernatural Under the Dome
87.7%
ALF
1.8%
Mork & Mindy
1.8%
Bewitched
7.9%
Workplace shows, miscellaneous The West Wing
87.7%
Parks and Recreation
1.8%
The Office
2.6%
Wings
2.6%
Family This is Us
86.8%
Leave it to Beaver
5.3%
The Middle
2.6%
Married with Children
1.8%
Family Little House on the Prairie
86.8%
Family Ties
1.8%
Father Knows Best
1.8%
My Three Sons
2.6%
Duos Cagney & Lacey
83.3%
The Odd Couple
3.5%
Perfect Strangers
2.6%
Laverne & Shirley
3.5%
Military Combat
81.6%
F Troop
11.4%
Gomer Pyle, USMC
4.4%
Hogan's Heroes
2.6%
Rural and small towns In the Heat of the Night
77.2%
Petticoat Junction
4.4%
Evening Shade
7.9%
The Andy Griffith Show
4.4%
Police Hill Street Blues
75.4%
Brooklyn Nine-Nine
3.5%
Car 54, Where are You?
3.5%
Barney Miller
11.4%
Sports-related Friday Night Lights
71.9%
1st & Ten
6.1%
Coach
2.6%
Sports Night
11.4%
Lawyers and courtrooms The Practice
71.1%
Night Court
5.3%
The Associates
9.6%
Franklin and Bash
9.6%
News Lou Grant
64.9%
The Mary Tyler Moore Show
5.3%
Murphy Brown
7.9%
News Radio
14.9%
School and college My So-Called Life
59.6%
Community
5.3%
Our Miss Brooks
25.4%
Welcome Back, Kotter
1.8%
Medical Marcus Welby, MD
38.6%
Scrubs
3.5%
E/R
53.5%
M*A*S*H
3.5%

You're not logged in!

Compare scores with friends on all Sporcle quizzes.
OR
Log In

You Might Also Like...

Show Comments

Extras

Top Quizzes Today


Score Distribution

Your Account Isn't Verified!

In order to create a playlist on Sporcle, you need to verify the email address you used during registration. Go to your Sporcle Settings to finish the process.

Report this User

Report this user for behavior that violates our Community Guidelines.

Details: